000 00861cam a22002417a 4500
003 MX-MxUPN
005 20240910063744.0
008 240828s2022 ag|a|||fr|||| 000 0 spa d
020 _a9789502332574
040 _aMX-MxUPN
_bspa
050 4 _aLB1050.2
_bN54 2022
100 1 _953486
_aNielsen, Clara,
_d1987-
245 1 0 _aManual de lectura fácil :
_bcómo escribir textos accesibles para personas con dificultades lectoras
250 _a1a edición
260 _aBuenos Aires :
_bVisibilia :
_bEditorial Universitaria de Buenos Aires,
_c2022
300 _a363 páginas :
_bilustraciones
490 0 _aColección lectura fácil
650 4 _aDificultad en la lectura
_96934
650 4 _953492
_aEscritura
_vManuales
902 _aGCH280824
_bVíctorGodínez/090924
942 _2lcc
_cLIBRO
999 _c211671
_d211671